MARC

LEADER 00000nam0a2200000 4500
001 318179
005 20231102003042.0
035 |a (RuTPU)RU\TPU\book\343676 
090 |a 318179 
100 |a 20160422d1938 m y0rusy50 ca 
101 0 |a rus 
102 |a RU 
105 |a a j 001zy 
200 1 |a Теория прокатки и основы пластической деформации металлов  |e учебник для втузов  |f Иг. М. Павлов 
210 |a Москва  |a Ленинград  |c Изд-во ГОНТИ НКТП  |d 1938 
215 |a 515 с.  |c ил. 
320 |a Указатель литературы, на которую имеются цифровые сноски в тексте книги: с. 495-504 
606 1 |a Прокатка металлов, теория  |2 stltpush  |3 (RuTPU)RU\TPU\subj\52045  |9 70539 
606 1 |a Металлы  |x Деформация пластическая  |2 stltpush  |3 (RuTPU)RU\TPU\subj\43203  |9 62755 
610 1 |a учебники 
610 1 |a обработка 
610 1 |a формы 
610 1 |a литье 
610 1 |a пластические свойства 
610 1 |a пластическая деформация 
610 1 |a объемная деформация 
610 1 |a уширение 
610 1 |a трещины 
610 1 |a опережение 
610 1 |a скольжение 
610 1 |a давление 
610 1 |a валки 
610 1 |a энергия 
610 1 |a расход 
675 |a 621.771.01(075.8)  |v 4 
675 |a 621.73.011:539.374(075.8)  |v 4 
700 1 |a Павлов  |b Иг. М. 
801 1 |a RU  |b 63413507  |c 20160422 
801 2 |a RU  |b 63413507  |c 20171031  |g RCR 
942 |c BK